[Event "Madrid ch Veteranos 2012-2013"]
[Site "Madrid ESP"]
[Date "2012.11.07"]
[Round "3.19"]
[White "Leniz Martinez, Francisco"]
[Black "Rodriguez Lopez-Canizares, Fco"]
[Result "1-0"]
[WhiteElo "1783"]
[BlackElo "1647"]
[PlyCount "121"]
[EventDate "2012.11.05"]
[EventType "swiss"]
[EventRounds "9"]
[EventCountry "ESP"]
[Source "lmi"]
[SourceDate "2012.11.05"]

1. e4 Nf6 2. e5 Nd5 3. d4 d6 4. Nf3 g6 5. Bc4 Be6 6. Qe2 Bg7 7. exd6 Qxd6 8.
O-O O-O 9. c3 Nf4 10. Bxf4 Bxc4 11. Qxc4 Qxf4 12. Nbd2 Nc6 13. Rfe1 Rfe8 14.
Re4 Qd6 15. Rae1 Rad8 16. R4e2 Qd5 17. Qb3 Qxb3 18. Nxb3 b6 19. g3 e6 20. Kg2
Ne7 21. Ne5 Bf6 22. f4 h5 23. Nf3 Nf5 24. Nbd2 Nd6 25. Ne5 Bxe5 26. Rxe5 Kg7
27. R5e2 Kf8 28. h3 Nf5 29. h4 Rd5 30. Nf3 Red8 31. Re5 Rxe5 32. Rxe5 Rd5 33.
Kf2 Nd6 34. Nd2 Ke7 35. Kf3 Rxe5 36. dxe5 Ne8 37. Nb3 c5 38. a4 Nc7 39. a5 Nd5
40. axb6 axb6 41. Ke4 Kd7 42. Nd2 Ke7 43. Nc4 b5 44. Nd6 Nc7 45. Nb7 Na6 46.
Ke3 b4 47. Kd3 Kd7 48. Kc4 bxc3 49. bxc3 Ke7 50. Nxc5 Nc7 51. Ne4 Nd5 52. Kc5
Kd8 53. Kb5 Kd7 54. Nf6+ Ke7 55. Nxd5+ exd5 56. Kc5 Ke6 57. Kc6 f6 58. exf6
Kxf6 59. Kxd5 Kf5 60. c4 Kg4 61. c5 1-0

[Event "Madrid ch Veteranos 2012-2013"]
[Site "Madrid ESP"]
[Date "2012.11.07"]
[Round "3.20"]
[White "Greppi Gonzalez, Jose Luis"]
[Black "Garcia Lopez, Pedro"]
[Result "0-1"]
[WhiteElo "1553"]
[BlackElo "1779"]
[PlyCount "155"]
[EventDate "2012.11.05"]
[EventType "swiss"]
[EventRounds "9"]
[EventCountry "ESP"]
[Source "lmi"]
[SourceDate "2012.11.05"]

1. e4 c5 2. Bc4 a6 3. a3 e6 4. Nf3 b5 5. Be2 Bb7 6. d3 Nc6 7. O-O d6 8. Bd2 Be7
9. c3 Nf6 10. Bg5 O-O 11. h3 h6 12. Be3 Qc7 13. Nbd2 Rfd8 14. Bf4 e5 15. Bh2 d5
16. Qc2 Rac8 17. exd5 Nxd5 18. Rfe1 Nf4 19. Bxf4 exf4 20. Nh2 Ne5 21. Ndf3 f6
22. Rad1 Nf7 23. Qb1 Rd7 24. d4 c4 25. Rd2 Nd6 26. Qc1 Ne4 27. Rdd1 Bd5 28. Nd2
f5 29. Nxe4 Bxe4 30. f3 Bd5 31. Bf1 Bf6 32. Re2 Re7 33. Qd2 Rce8 34. Rde1 Kf7
35. Rxe7+ Rxe7 36. Rxe7+ Bxe7 37. Be2 g5 38. Bd1 Qc6 39. Qe2 Bf6 40. Bc2 Be6
41. Bb1 a5 42. Qc2 b4 43. axb4 axb4 44. Qd1 bxc3 45. bxc3 Qd5 46. Ba2 Qa5 47.
Qc2 h5 48. Nf1 Kg6 49. Bb1 Bd8 50. Nd2 Qb5 51. Kf2 Ba5 52. Ba2 Kf6 53. g4 fxg3+
54. Kxg3 Qb8+ 55. Kg2 h4 56. Nf1 Qc7 57. Qd2 Bd5 58. Qe1 Qc6 59. Qe3 Bc7 60.
Qf2 Qd6 61. Kg1 Qf4 62. Qe3 Qd6 63. Kf2 Qa3 64. Qd2 Bf4 65. Ne3 Kg6 66. Qc2
Bxe3+ 67. Kxe3 Qd6 68. Qe2 Qf4+ 69. Kf2 Qg3+ 70. Ke3 Qg1+ 71. Kd2 Qa1 72. Bxc4
Qb2+ 73. Ke1 Qxc3+ 74. Kd1 Bxc4 75. Qe8+ Bf7 76. Qe7 Qxf3+ 77. Kd2 Qxh3 78.
Qd6+ 0-1

[Event "Madrid ch Veteranos 2012-2013"]
[Site "Madrid ESP"]
[Date "2012.11.07"]
[Round "3.21"]
[White "Veuthey Martinez, Eloy"]
[Black "Diaz Begonte, Manuel"]
[Result "0-1"]
[WhiteElo "1570"]
[BlackElo "1787"]
[PlyCount "32"]
[EventDate "2012.11.05"]
[EventType "swiss"]
[EventRounds "9"]
[EventCountry "ESP"]
[Source "lmi"]
[SourceDate "2012.11.05"]

1. d4 d5 2. Nf3 Nf6 3. e3 Bf5 4. c4 e6 5. Nc3 c6 6. Nh4 Bg4 7. f3 Bh5 8. g4
Nxg4 9. fxg4 Qxh4+ 10. Kd2 Bxg4 11. Qb3 Qe7 12. c5 Qc7 13. Bd3 Nd7 14. Kc2 b6
15. Na4 bxc5 16. Bd2 c4 0-1

[Event "Madrid ch Veteranos 2012-2013"]
[Site "Madrid ESP"]
[Date "2012.11.07"]
[Round "3.22"]
[White "Algaba Traspuesto, Jose Antoni"]
[Black "Martin Rodriguez, Jose Luis"]
[Result "1-0"]
[WhiteElo "1625"]
[BlackElo "1398"]
[PlyCount "111"]
[EventDate "2012.11.05"]
[EventType "swiss"]
[EventRounds "9"]
[EventCountry "ESP"]
[Source "lmi"]
[SourceDate "2012.11.05"]

1. c4 Nf6 2. Nc3 e6 3. e4 Bb4 4. e5 Bxc3 5. dxc3 Ng8 6. Qg4 g6 7. Bg5 Ne7 8.
Bf6 Rg8 9. Nf3 c5 10. Ng5 h6 11. Nh7 Nbc6 12. Bxe7 Qxe7 13. Nf6+ Kf8 14. Nxg8
Kxg8 15. Qg3 Qg5 16. f4 Qxg3+ 17. hxg3 Kg7 18. Rd1 h5 19. Be2 Ne7 20. Bf3 Rb8
21. Kf2 Nf5 22. Rh2 a5 23. g4 hxg4 24. Bxg4 Ra8 25. Bxf5 gxf5 26. Rdh1 b6 27.
Rh7+ Kf8 28. R1h5 Kg8 29. Rh8+ Kg7 30. Rd8 Bb7 31. Rg5+ Kh7 32. Rxd7 Be4 33.
Rxf7+ Kh8 34. Rd7 Rb8 35. Rd1 Rb7 36. Rh1+ Rh7 37. Rxh7+ Kxh7 38. Rh5+ Kg7 39.
Rh1 Bd3 40. b3 a4 41. Rd1 Bc2 42. Rd2 axb3 43. axb3 Bxb3 44. Rb2 Bxc4 45. Rxb6
Bd5 46. Rb5 c4 47. Rc5 Kh7 48. g3 Kh6 49. Ke3 Kh5 50. Rxd5 exd5 51. e6 Kg6 52.
Kd4 Kf6 53. Kxd5 Ke7 54. Ke5 Ke8 55. Kxf5 Kf8 56. Kf6 1-0

[Event "Madrid ch Veteranos 2012-2013"]
[Site "Madrid ESP"]
[Date "2012.11.07"]
[Round "3.23"]
[White "Maseda Iglesias, Luis"]
[Black "Martinez Carrasco, Jesus"]
[Result "1/2-1/2"]
[WhiteElo "1741"]
[BlackElo "1590"]
[PlyCount "145"]
[EventDate "2012.11.05"]
[EventType "swiss"]
[EventRounds "9"]
[EventCountry "ESP"]
[Source "lmi"]
[SourceDate "2012.11.05"]

1. d4 d5 2. Nf3 e6 3. e3 Nf6 4. Bd3 Be7 5. O-O O-O 6. Nbd2 c6 7. c4 Nbd7 8. b3
c5 9. Bb2 b6 10. Ne5 Bb7 11. f4 Re8 12. Qf3 Rb8 13. g4 Nxe5 14. fxe5 dxc4 15.
Qf4 cxd3 16. exf6 Bxf6 17. h3 Qd5 18. Nf3 Qe4 19. Qxe4 Bxe4 20. Nd2 Bb7 21.
Rad1 Rbd8 22. Nc4 cxd4 23. Rxd3 dxe3 24. Rxd8 Rxd8 25. Bxf6 gxf6 26. Nxe3 Kg7
27. Nc4 Ba6 28. Rc1 Bxc4 29. bxc4 Rd2 30. a4 Ra2 31. c5 bxc5 32. Rxc5 Rxa4 33.
Kg2 Ra3 34. h4 h6 35. h5 a5 36. Rb5 a4 37. Ra5 e5 38. Kf2 e4 39. Ra6 f5 40.
gxf5 Rf3+ 41. Ke2 Rxf5 42. Rxa4 Re5 43. Ke3 Rxh5 44. Rxe4 Rh3+ 45. Kf2 Rh5 46.
Ra4 Rg5 47. Ra6 f6 48. Ra7+ Kg6 49. Ra8 h5 50. Kf3 Kh7 51. Ra7+ Rg7 52. Ra5 Kh6
53. Ra8 Kg5 54. Ra1 Rg6 55. Ra5+ Kh6 56. Ra8 Kg5 57. Ra5+ f5 58. Rb5 h4 59. Rb8
h3 60. Kg3 Rh6 61. Rg8+ Kf6 62. Kh2 f4 63. Rf8+ Ke5 64. Re8+ Kd4 65. Rd8+ Ke3
66. Re8+ Kf2 67. Ra8 f3 68. Ra2+ Ke3 69. Ra3+ Kf4 70. Ra4+ Ke5 71. Ra5+ Kd4 72.
Ra4+ Kc5 73. Rf4 1/2-1/2

[Event "Madrid ch Veteranos 2012-2013"]
[Site "Madrid ESP"]
[Date "2012.11.07"]
[Round "3.24"]
[White "Pardinas Riano, Emilio"]
[Black "Jaumandreu Llopis, Antonio"]
[Result "1/2-1/2"]
[WhiteElo "1728"]
[BlackElo "1553"]
[PlyCount "68"]
[EventDate "2012.11.05"]
[EventType "swiss"]
[EventRounds "9"]
[EventCountry "ESP"]
[Source "lmi"]
[SourceDate "2012.11.05"]

1. e4 e5 2. Nf3 Nc6 3. Bb5 a6 4. Ba4 Nf6 5. d3 Be7 6. c3 O-O 7. O-O d5 8. exd5
Nxd5 9. h3 Bd6 10. Bb3 Nf6 11. Bg5 Qe7 12. Re1 h6 13. Bh4 g5 14. Bg3 Re8 15.
Nbd2 g4 16. hxg4 Bxg4 17. Qc1 Qf8 18. Nh2 Bf5 19. Ne4 Nxe4 20. dxe4 Be6 21. Bc2
Qg7 22. Qe3 Kh8 23. Kh1 Rad8 24. Rad1 Rg8 25. Rg1 b6 26. Qe2 a5 27. Ba4 Nb8 28.
Bh4 f6 29. a3 Nd7 30. Bc2 Be7 31. b4 axb4 32. axb4 Nf8 33. Rxd8 Bxd8 34. Bg3
Ng6 1/2-1/2

[Event "Madrid ch Veteranos 2012-2013"]
[Site "Madrid ESP"]
[Date "2012.11.07"]
[Round "3.26"]
[White "Perez Carballeira, Francisco"]
[Black "Infante Martin, Alonso"]
[Result "1-0"]
[WhiteElo "1608"]
[BlackElo "1510"]
[PlyCount "115"]
[EventDate "2012.11.05"]
[EventType "swiss"]
[EventRounds "9"]
[EventCountry "ESP"]
[Source "lmi"]
[SourceDate "2012.11.05"]

1. d4 d5 2. c4 e5 3. dxe5 d4 4. Nf3 Nc6 5. a3 a5 6. Bg5 f6 7. Bf4 Be6 8. Nbd2
Bc5 9. Rc1 fxe5 10. Nxe5 Nxe5 11. Bxe5 Nf6 12. Nf3 O-O 13. Bxd4 Bd6 14. e3 c5
15. Be5 Ra6 16. Be2 Ne4 17. Bg3 Nxg3 18. hxg3 a4 19. Qc2 Bf5 20. Qc3 Bc7 21.
Kf1 Ba5 22. Qe5 Rc6 23. Qd5+ Kh8 24. Qxd8 Rxd8 25. Ne5 Rc7 26. g4 Bd2 27. Ra1
Bc2 28. Nf3 Ba5 29. Ng5 Re7 30. g3 Rf8 31. Kg2 Bc7 32. Bd1 Bd3 33. Bxa4 h6 34.
Bd1 Kg8 35. Nf3 Be4 36. Rh5 b6 37. b4 Bd6 38. Be2 Ref7 39. Rd1 Bxf3+ 40. Bxf3
Rxf3 41. Rxd6 Rxf2+ 42. Kh3 Rf1 43. g5 R1f3 44. gxh6 Rxe3 45. Rxb6 Rff3 46. Rg5
Rf7 47. Ra6 Kh7 48. Rxg7+ Rxg7 49. hxg7 Kxg7 50. b5 Rb3 51. Kg4 Rc3 52. Ra4 Rd3
53. Kf4 Rd4+ 54. Kf5 Rd7 55. Ra6 Rd1 56. Rc6 Rf1+ 57. Kg5 Kf7 58. Rxc5 1-0

[Event "Madrid ch Veteranos 2012-2013"]
[Site "Madrid ESP"]
[Date "2012.11.07"]
[Round "3.27"]
[White "Sanchez Lucena, Juan"]
[Black "Salgado Duarte, Pablo"]
[Result "1-0"]
[WhiteElo "1411"]
[BlackElo "1603"]
[PlyCount "161"]
[EventDate "2012.11.05"]
[EventType "swiss"]
[EventRounds "9"]
[EventCountry "ESP"]
[Source "lmi"]
[SourceDate "2012.11.05"]

1. d4 d5 2. c4 e6 3. a3 Nf6 4. Bg5 Be7 5. e3 O-O 6. Nc3 b6 7. b4 Bb7 8. c5 a5
9. Bd3 Nc6 10. b5 Nb8 11. c6 Bc8 12. a4 h6 13. Bf4 Bd6 14. Bg3 Re8 15. Nf3 Bxg3
16. hxg3 Qd6 17. Rb1 Nxc6 18. bxc6 Qxc6 19. Rc1 Qd6 20. Ne5 Nd7 21. Bb5 Re7 22.
Nc6 Re8 23. Kf1 Rf8 24. Qe2 Bb7 25. Nd1 Nf6 26. Rh4 Ne4 27. Kg1 Qa3 28. Rc2 Nd6
29. g4 Nxb5 30. axb5 Rfe8 31. Rh5 Qd6 32. g5 hxg5 33. Rxg5 g6 34. Qh5 Bxc6 35.
Rxc6 Qe7 36. Qh4 Kg7 37. Qg3 Ra7 38. f4 Rh8 39. f5 exf5 40. Rgxg6+ fxg6 41.
Qxg6+ Kf8 42. Rf6+ Qxf6 43. Qxf6+ Kg8 44. Qe6+ Kg7 45. Qe5+ Kg8 46. Qxd5+ Kg7
47. Qxf5 a4 48. Nc3 a3 49. Qc2 Ra5 50. Qb3 Rha8 51. Na2 Re8 52. Kf2 Rf8+ 53.
Ke2 Rf5 54. Qc3 Raxb5 55. Qxc7+ Rf7 56. Qc3 Rb2+ 57. Kd3 Rxa2 58. d5+ Kg8 59.
Qc8+ Kg7 60. Qg4+ Kf8 61. Qb4+ Kg8 62. Qxb6 Rff2 63. Qb8+ Kf7 64. Ke4 Rab2 65.
Qa7+ Ke8 66. Qxa3 Ra2 67. Qb3 Rfb2 68. Qd3 Ra4+ 69. Ke5 Rbb4 70. Qg6+ Kd8 71.
Qd6+ Kc8 72. Qc6+ Kb8 73. Qd6+ Kc8 74. Qc6+ Kb8 75. d6 Ra5+ 76. Ke6 Rbb5 77.
Qc7+ Ka8 78. d7 Ra6+ 79. Ke7 Rb8 80. d8=Q Re6+ 81. Kxe6 1-0

[Event "Madrid ch Veteranos 2012-2013"]
[Site "Madrid ESP"]
[Date "2012.11.08"]
[Round "4.1"]
[White "Pastor Alonso De Prado, Albert"]
[Black "Gil Sierra, Jacinto"]
[Result "1/2-1/2"]
[WhiteElo "2143"]
[BlackElo "2053"]
[PlyCount "80"]
[EventDate "2012.11.05"]
[EventType "swiss"]
[EventRounds "9"]
[EventCountry "ESP"]
[Source "lmi"]
[SourceDate "2012.11.05"]

1. e4 c5 2. Nf3 Nc6 3. Bb5 e6 4. O-O Nge7 5. Re1 a6 6. Bf1 d5 7. e5 Ng6 8. c3
d4 9. d3 Be7 10. Na3 b5 11. Nc2 Bb7 12. cxd4 cxd4 13. g3 Ncxe5 14. Nxe5 Qd5 15.
Nf3 Qxf3 16. Qxf3 Bxf3 17. Nxd4 Bd5 18. Nc2 O-O 19. Ne3 Bb7 20. Bg2 Bxg2 21.
Nxg2 Bf6 22. f4 Rac8 23. Re2 Rc6 24. Be3 Rfc8 25. Ne1 Ne7 26. Rb1 Nf5 27. Kf1
h5 28. Bd2 Nd4 29. Re4 Nc2 30. Nf3 Rd6 31. Ke2 Nd4+ 32. Nxd4 Rxd4 33. Rc1 Rxc1
34. Bxc1 Rd5 35. b3 Kf8 36. Ba3+ Ke8 37. Bb4 Kd7 38. Kd2 g6 39. Re1 Bd8 40. Rc1
Bb6 1/2-1/2

[Event "Madrid ch Veteranos 2012-2013"]
[Site "Madrid ESP"]
[Date "2012.11.08"]
[Round "4.2"]
[White "Estrada Martinez, Cesar"]
[Black "Minguela Munoz, Bienvenido"]
[Result "1-0"]
[WhiteElo "2085"]
[BlackElo "1883"]
[PlyCount "93"]
[EventDate "2012.11.05"]
[EventType "swiss"]
[EventRounds "9"]
[EventCountry "ESP"]
[Source "lmi"]
[SourceDate "2012.11.05"]

1. d4 Nf6 2. c4 e6 3. Nf3 d5 4. Nc3 Bb4 5. e3 O-O 6. a3 Bxc3+ 7. bxc3 b6 8.
cxd5 exd5 9. Be2 Ba6 10. O-O Bxe2 11. Qxe2 Nbd7 12. Rd1 Ne4 13. Bb2 Re8 14. c4
c6 15. Rac1 Rc8 16. cxd5 cxd5 17. Qb5 Ndf6 18. Ne5 Rxc1 19. Rxc1 Nd6 20. Qa6
Nfe4 21. Qe2 b5 22. f3 Nf6 23. a4 Nc4 24. axb5 Nxe5 25. dxe5 Nd7 26. f4 Nb6 27.
Bd4 Qd7 28. Bxb6 axb6 29. Qd3 Ra8 30. Rd1 Rd8 31. h3 h6 32. Qb3 Qb7 33. Rd4 Qc7
34. Kh2 Qc5 35. Qd3 Qc1 36. Qb3 Qc5 37. f5 Qc1 38. Qd3 Rc8 39. Rxd5 Rc3 40. Qd2
Qa1 41. e6 fxe6 42. fxe6 Rc1 43. Rd8+ Kh7 44. Qd3+ g6 45. Qd7+ Qg7 46. Qxg7+
Kxg7 47. e7 1-0

[Event "Madrid ch Veteranos 2012-2013"]
[Site "Madrid ESP"]
[Date "2012.11.08"]
[Round "4.3"]
[White "Moragrega Herrero, Juan Jose"]
[Black "Cabanas Bravo, Juan Andres"]
[Result "0-1"]
[WhiteElo "1922"]
[BlackElo "2077"]
[PlyCount "54"]
[EventDate "2012.11.05"]
[EventType "swiss"]
[EventRounds "9"]
[EventCountry "ESP"]
[Source "lmi"]
[SourceDate "2012.11.05"]

1. c4 Nf6 2. Nc3 d5 3. cxd5 Nxd5 4. g3 Nxc3 5. bxc3 g6 6. Bg2 Bg7 7. Qb3 Nd7 8.
d4 O-O 9. Ba3 Nb6 10. e3 Be6 11. Qc2 Nc4 12. Bc1 c6 13. Bf1 Qd5 14. e4 Qa5 15.
Bxc4 Bxc4 16. Bd2 Qa6 17. f3 e5 18. Be3 f5 19. dxe5 fxe4 20. f4 Bxe5 21. Nh3
Bf6 22. Kf2 Qa5 23. Rhc1 Qh5 24. Ng1 Qxh2+ 25. Ke1 Qxg3+ 26. Qf2 Qg4 27. Ne2
Bh4 0-1

[Event "Madrid ch Veteranos 2012-2013"]
[Site "Madrid ESP"]
[Date "2012.11.08"]
[Round "4.4"]
[White "Lorite Cruz, Francisco"]
[Black "Gonzalez Mateos, Rafael"]
[Result "0-1"]
[WhiteElo "2046"]
[BlackElo "2128"]
[PlyCount "92"]
[EventDate "2012.11.05"]
[EventType "swiss"]
[EventRounds "9"]
[EventCountry "ESP"]
[Source "lmi"]
[SourceDate "2012.11.05"]

1. d4 Nf6 2. c4 e6 3. Nc3 Bb4 4. Qc2 O-O 5. a3 Bxc3+ 6. Qxc3 Ne4 7. Qc2 f5 8.
Nf3 b6 9. g3 Bb7 10. Bg2 Nf6 11. O-O Be4 12. Qc3 Qe7 13. b4 a5 14. Bb2 d6 15.
Rfd1 Nbd7 16. b5 Rfc8 17. Rac1 c6 18. bxc6 Rxc6 19. Qb3 Rac8 20. Nd2 Bxg2 21.
Kxg2 d5 22. a4 Qd6 23. f3 dxc4 24. Rxc4 Rxc4 25. Nxc4 Qd5 26. Rc1 Rc6 27. Qd3
Nb8 28. Ne5 Rxc1 29. Bxc1 Nc6 30. Nxc6 Qxc6 31. Qa3 Qc4 32. Qe3 Kf7 33. Ba3
Qxa4 34. Bd6 Qc4 35. Be5 Nd7 36. g4 fxg4 37. fxg4 Nxe5 38. dxe5 Qxg4+ 39. Kf2
Qf5+ 40. Ke1 Qb1+ 41. Kf2 h6 42. Qd4 Kg6 43. Qg4+ Kf7 44. Qd4 Kg8 45. Qc3 Kh7
46. Qd4 b5 0-1

[Event "Madrid ch Veteranos 2012-2013"]
[Site "Madrid ESP"]
[Date "2012.11.08"]
[Round "4.5"]
[White "Lopez Heras, Arturo"]
[Black "Fuentes Arjona, Antonio"]
[Result "0-1"]
[WhiteElo "1952"]
[BlackElo "2008"]
[PlyCount "42"]
[EventDate "2012.11.05"]
[EventType "swiss"]
[EventRounds "9"]
[EventCountry "ESP"]
[Source "lmi"]
[SourceDate "2012.11.05"]

1. e4 c5 2. Nf3 e6 3. d4 cxd4 4. Nxd4 a6 5. Bd3 Qc7 6. Be3 Nf6 7. O-O Bc5 8.
Nc3 d6 9. Re1 Nbd7 10. f4 b5 11. Kh1 Bb7 12. a3 Qb6 13. Nce2 e5 14. Nf5 Bxe3
15. fxe5 dxe5 16. Neg3 Bf4 17. Nxg7+ Kf8 18. N3f5 h5 19. g3 Ng4 20. Qe2 Ndf6
21. gxf4 Nxe4 0-1

[Event "Madrid ch Veteranos 2012-2013"]
[Site "Madrid ESP"]
[Date "2012.11.08"]
[Round "4.6"]
[White "Leniz Martinez, Francisco"]
[Black "Garcia Esteban, Ignacio"]
[Result "0-1"]
[WhiteElo "1783"]
[BlackElo "1941"]
[PlyCount "74"]
[EventDate "2012.11.05"]
[EventType "swiss"]
[EventRounds "9"]
[EventCountry "ESP"]
[Source "lmi"]
[SourceDate "2012.11.05"]

1. e4 c5 2. Nf3 Nc6 3. Bb5 g6 4. O-O Bg7 5. c3 Nf6 6. Re1 O-O 7. d4 cxd4 8.
cxd4 d6 9. h3 Qb6 10. Nc3 a6 11. Bxc6 bxc6 12. Re2 a5 13. Be3 Qb8 14. Rc1 Bb7
15. b3 Rc8 16. Qc2 Nd7 17. Na4 Ba6 18. Ree1 Bb5 19. Nc3 Ba6 20. Na4 Bb5 21. Nc3
Qb7 22. Nxb5 cxb5 23. Qd3 Nf6 24. Nd2 Nd7 25. Nf3 b4 26. Rxc8+ Rxc8 27. Rc1
Rxc1+ 28. Bxc1 Nf6 29. Nd2 Bh6 30. f3 Bf4 31. Bb2 d5 32. e5 Nh5 33. Nf1 Qc6 34.
Qd1 Qc8 35. Kf2 Bh6 36. Ne3 Nf4 37. Bc1 Qxc1 0-1

[Event "Madrid ch Veteranos 2012-2013"]
[Site "Madrid ESP"]
[Date "2012.11.08"]
[Round "4.7"]
[White "Garcia Martin, Juan Manuel"]
[Black "Buergo Villanueva, Fernando"]
[Result "1-0"]
[WhiteElo "1874"]
[BlackElo "1282"]
[PlyCount "92"]
[EventDate "2012.11.05"]
[EventType "swiss"]
[EventRounds "9"]
[EventCountry "ESP"]
[Source "lmi"]
[SourceDate "2012.11.05"]

1. d4 d5 2. Bf4 e6 3. Nf3 h6 4. e3 Bd6 5. Ne5 Qe7 6. Nd2 Nd7 7. Ndf3 Ngf6 8.
Bb5 Nh5 9. O-O Nxf4 10. exf4 a6 11. Bxd7+ Bxd7 12. Nxd7 Qxd7 13. Ne5 Bxe5 14.
fxe5 O-O 15. f4 f6 16. Qd3 Qb5 17. Qc3 Qb6 18. Rae1 Rac8 19. b4 Qa7 20. exf6
Rxf6 21. g3 b6 22. Qc6 e5 23. Qxd5+ Rf7 24. fxe5 c6 25. Qb3 Rcf8 26. Rxf7 Rxf7
27. Rf1 Kf8 28. Rxf7+ Qxf7 29. Qxf7+ Kxf7 30. Kf2 a5 31. bxa5 bxa5 32. Ke3 Ke6
33. c4 g5 34. g4 c5 35. a4 cxd4+ 36. Kxd4 h5 37. h3 hxg4 38. hxg4 Kd7 39. c5
Kc6 40. e6 Kc7 41. Ke5 Kc6 42. Kf6 Kc7 43. Kxg5 Kd8 44. c6 Ke7 45. c7 Kxe6 46.
c8=Q+ Ke5 1-0

[Event "Madrid ch Veteranos 2012-2013"]
[Site "Madrid ESP"]
[Date "2012.11.08"]
[Round "4.8"]
[White "Garcia Lopez, Pedro"]
[Black "Perez Cameselle, Francisco"]
[Result "0-1"]
[WhiteElo "1779"]
[BlackElo "1853"]
[PlyCount "118"]
[EventDate "2012.11.05"]
[EventType "swiss"]
[EventRounds "9"]
[EventCountry "ESP"]
[Source "lmi"]
[SourceDate "2012.11.05"]

1. d4 f5 2. Nf3 g6 3. c4 Bg7 4. Nc3 Nf6 5. e3 O-O 6. Bd3 d6 7. O-O Nc6 8. a3 e5
9. dxe5 dxe5 10. Bc2 Be6 11. Qe2 e4 12. Ng5 Qe7 13. Nxe6 Qxe6 14. Bb3 Kh8 15.
Ba2 Ne5 16. c5 Qe7 17. b4 a5 18. Bb2 axb4 19. axb4 Nd3 20. Bc4 Nxb4 21. Na4 Nc6
22. Bc3 Ne5 23. Bb3 Nd3 24. Bd4 c6 25. Bc4 Nb4 26. Qb2 Nfd5 27. Bxd5 Nxd5 28.
Bxg7+ Qxg7 29. Qxg7+ Kxg7 30. Rfb1 Ra7 31. Nb2 Rfa8 32. Rxa7 Rxa7 33. g3 Nc3
34. Re1 Ra2 35. Nc4 Na4 36. Nd6 Nxc5 37. Rb1 Ra8 38. Rb6 Rb8 39. Kf1 Kf8 40.
Nc4 Nd7 41. Rb1 b5 42. Na5 c5 43. Ke2 Kf7 44. Rd1 Ke6 45. Kd2 Ne5 46. Kc2 Nd3
47. Rd2 Ra8 48. Nb3 Ra2+ 49. Kc3 Rxd2 50. Kxd2 Kd5 51. f3 exf3 52. Na1 f2 53.
Ke2 Kc4 54. Nc2 b4 55. Na1 Kc3 56. g4 Kb2 57. h4 Kxa1 58. h5 b3 59. hxg6 hxg6
0-1

[Event "Madrid ch Veteranos 2012-2013"]
[Site "Madrid ESP"]
[Date "2012.11.08"]
[Round "4.9"]
[White "Corredor Gonzalez, Angel L"]
[Black "Lopez Peral, Enrique"]
[Result "1-0"]
[WhiteElo "1760"]
[BlackElo "1832"]
[PlyCount "89"]
[EventDate "2012.11.05"]
[EventType "swiss"]
[EventRounds "9"]
[EventCountry "ESP"]
[Source "lmi"]
[SourceDate "2012.11.05"]

1. e4 d5 2. exd5 Qxd5 3. Nc3 Qd8 4. d4 g6 5. Bc4 Bg7 6. Qf3 Nf6 7. Nge2 c6 8.
h3 Bf5 9. Bb3 Na6 10. g4 Be6 11. Bxe6 fxe6 12. a3 Nc7 13. g5 Nfd5 14. Ne4 Rf8
15. Qg4 e5 16. dxe5 Bxe5 17. f4 Bxb2 18. Bxb2 Ne3 19. Qg3 Nxc2+ 20. Kf2 Nxa1
21. Rxa1 Ne6 22. Qe3 Qb6 23. Qxb6 axb6 24. Ke3 O-O-O 25. Be5 Nc5 26. Nxc5 bxc5
27. a4 Kd7 28. Rb1 Kc8 29. a5 Rfe8 30. Rb6 c4 31. a6 Rd3+ 32. Ke4 bxa6 33.
Rxc6+ Kb7 34. Rc7+ Kb6 35. h4 a5 36. Rxc4 Rh3 37. Nd4 Rxh4 38. Bc7+ Kb7 39.
Bxa5 e5 40. Rc7+ Ka6 41. Nc6 exf4+ 42. Kd5 Re2 43. Ra7+ Kb5 44. Nd4+ Ka4 45.
Bc3# 1-0

[Event "Madrid ch Veteranos 2012-2013"]
[Site "Madrid ESP"]
[Date "2012.11.08"]
[Round "4.11"]
[White "Poblador Dieguez, Alfredo"]
[Black "Martin-Consuegra Barrilero, Ja"]
[Result "0-1"]
[WhiteElo "1680"]
[BlackElo "1855"]
[PlyCount "72"]
[EventDate "2012.11.05"]
[EventType "swiss"]
[EventRounds "9"]
[EventCountry "ESP"]
[Source "lmi"]
[SourceDate "2012.11.05"]

1. d4 d6 2. c4 e5 3. d5 f5 4. e3 Nf6 5. g3 Be7 6. Bg2 O-O 7. Nf3 Nbd7 8. b4 a5
9. Ba3 axb4 10. Bxb4 Nb6 11. Qc2 Bd7 12. Nbd2 Kh8 13. O-O Ba4 14. Qc3 Nbd7 15.
Ng5 Nxd5 16. Bxd5 Bxg5 17. Bxb7 Ra7 18. Bg2 c5 19. Ba3 e4 20. Bb2 Bf6 21. Qc1
Ne5 22. Qb1 Rb7 23. Nb3 Nxc4 24. Bxf6 Qxf6 25. Qc1 Bxb3 26. axb3 Ne5 27. Rb1
Rfb8 28. Qa3 Qe6 29. Rfd1 g6 30. Bf1 Kg7 31. Qa6 Rb6 32. Qa7+ R8b7 33. Qa4 Kf6
34. Be2 h5 35. Kg2 Qe7 36. Bc4 Ra7 0-1

[Event "Madrid ch Veteranos 2012-2013"]
[Site "Madrid ESP"]
[Date "2012.11.08"]
[Round "4.12"]
[White "Hernandez Gutierrez, Jose"]
[Black "Martinez Miura, Enrique"]
[Result "1-0"]
[WhiteElo "1854"]
[BlackElo "1735"]
[PlyCount "75"]
[EventDate "2012.11.05"]
[EventType "swiss"]
[EventRounds "9"]
[EventCountry "ESP"]
[Source "lmi"]
[SourceDate "2012.11.05"]

1. e4 e6 2. d4 d5 3. Nd2 dxe4 4. Nxe4 Be7 5. Nf3 Nf6 6. Bd3 Nbd7 7. Nxf6+ Nxf6
8. O-O O-O 9. Bg5 h6 10. Bh4 Nh5 11. Bxe7 Qxe7 12. c3 Nf4 13. Be4 f5 14. Bc2
Bd7 15. Qd2 Ng6 16. Rfe1 Bc6 17. Bb3 Rf6 18. Ne5 Nxe5 19. Rxe5 Qf7 20. Rae1 Qg6
21. d5 Rd8 22. c4 Kh8 23. Qb4 exd5 24. cxd5 Bd7 25. Qxb7 f4 26. Qxc7 Rff8 27.
Bc2 Qg4 28. f3 Qh4 29. Qxa7 Bf5 30. Bxf5 Rxf5 31. Re8+ Kh7 32. R8e7 Rg5 33. Rd1
Rd6 34. Qf2 Rxg2+ 35. Kxg2 Qxe7 36. Qc2+ Rg6+ 37. Kh1 Qd6 38. Rg1 1-0

[Event "Madrid ch Veteranos 2012-2013"]
[Site "Madrid ESP"]
[Date "2012.11.08"]
[Round "4.13"]
[White "Osorio Ramos, Francisco"]
[Black "Roldan Garcia, Angel"]
[Result "1/2-1/2"]
[WhiteElo "1831"]
[BlackElo "1755"]
[PlyCount "48"]
[EventDate "2012.11.05"]
[EventType "swiss"]
[EventRounds "9"]
[EventCountry "ESP"]
[Source "lmi"]
[SourceDate "2012.11.05"]

1. d4 Nf6 2. Nf3 g6 3. c4 Bg7 4. g3 O-O 5. Bg2 d6 6. O-O Nc6 7. Nc3 a6 8. h3
Rb8 9. e4 e5 10. dxe5 dxe5 11. Bg5 Qxd1 12. Raxd1 Be6 13. b3 h6 14. Be3 Rfd8
15. Rfe1 Ne8 16. Nd5 f5 17. Nd2 Nd4 18. Bxd4 exd4 19. e5 g5 20. f4 c6 21. Nb4
Bf8 22. Nd3 c5 23. a4 Nc7 24. Ra1 Rd7 1/2-1/2

[Event "Madrid ch Veteranos 2012-2013"]
[Site "Madrid ESP"]
[Date "2012.11.08"]
[Round "4.15"]
[White "Fernandez Garcia, Ignacio"]
[Black "Algaba Traspuesto, Jose Antoni"]
[Result "1-0"]
[WhiteElo "1794"]
[BlackElo "1625"]
[PlyCount "47"]
[EventDate "2012.11.05"]
[EventType "swiss"]
[EventRounds "9"]
[EventCountry "ESP"]
[Source "lmi"]
[SourceDate "2012.11.05"]

1. e4 c5 2. Nf3 g6 3. Nc3 Nc6 4. Ne2 Bg7 5. c3 e5 6. Ng3 d6 7. Bc4 Nge7 8. d3
O-O 9. h4 d5 10. exd5 Nxd5 11. h5 Bg4 12. hxg6 hxg6 13. Bh6 Na5 14. Qc1 Nf4 15.
Bxf4 Nxc4 16. Bh6 Nd6 17. Bxg7 Kxg7 18. Qh6+ Kf6 19. Qg5+ Kg7 20. Qxg4 f5 21.
Nh5+ Kf7 22. Nxe5+ Ke8 23. Qxg6+ Nf7 24. Ng7+ 1-0

[Event "Madrid ch Veteranos 2012-2013"]
[Site "Madrid ESP"]
[Date "2012.11.08"]
[Round "4.16"]
[White "Diaz Begonte, Manuel"]
[Black "Fernandez- Bujarrabal V., Pedr"]
[Result "1-0"]
[WhiteElo "1787"]
[BlackElo "1677"]
[PlyCount "59"]
[EventDate "2012.11.05"]
[EventType "swiss"]
[EventRounds "9"]
[EventCountry "ESP"]
[Source "lmi"]
[SourceDate "2012.11.05"]

1. e4 e5 2. d4 exd4 3. f4 Nc6 4. Nf3 Bb4+ 5. Nbd2 Nf6 6. Bd3 d6 7. a3 Ba5 8. b4
Bb6 9. Nc4 O-O 10. O-O Ne7 11. Nxb6 axb6 12. Bd2 c5 13. Qe1 Nc6 14. e5 Ng4 15.
Bxh7+ Kh8 16. Bd3 Nh6 17. Ng5 Bf5 18. Bxf5 Nxf5 19. Qe4 g6 20. e6 Qe7 21. Qf3
Kg7 22. Rae1 Nd8 23. exf7 Qd7 24. Qh3 Nxf7 25. Qh7+ Kf6 26. Ne4+ Ke7 27. Nxc5+
Kd8 28. Nxd7 Kxd7 29. Qxg6 Ne7 30. Qe6+ 1-0